| 000 | 00392nam a22001577a 4500 | ||
|---|---|---|---|
| 003 | NUST - PNEC | ||
| 005 | 20170116180912.0 | ||
| 008 | 150903b xxu||||| |||| 00| 0 eng d | ||
| 020 | _a- | ||
| 040 | _cLIBRARY | ||
| 082 | _a620.11 HIN | ||
| 100 |
_97112 _aHinsley, J. F |
||
| 245 |
_aNon-destructive testing _cj. F. Hinsley |
||
| 650 |
_97115 _aMechanical Engineering _xME |
||
| 942 |
_2ddc _cBK |
||
| 999 |
_c65299 _d65299 |
||